000 01431cam a2200349 a 4500
001 2486306
005 20160926113941.0
008 910403s1992 nyua 001 0 eng
010 _a 91013201
020 _a0071127275
040 _aDLC
_cDLC
_dDLC
050 0 0 _aTA351
_b.N37 1991
082 0 0 _a620.112
_220
_bNAS
100 1 _aNash, William A.
245 1 0 _aSchaum’s outline of theory and problems of statics and mechanics of materials /
_cWilliam A. Nash.
250 _bInternational edition.
260 _aNew York :
_bMcGraw-Hill,
_cc1992.
300 _avi, 282 p. :
_bill. ;
_c28 cm.
490 0 _aSchaum's outline series.
500 _a"Schaum's Outlines over 25 million sold worldwide" -- cover
500 _aIncludes index.
650 0 _aStatics
_xProblems, exercises, etc.
_2BUEsh
650 0 _aStrength of materials
_vProblems, exercises, etc.
_2BUEsh
_926031
650 0 _aStatics
_xOutlines, syllabi, etc.
_2BUEsh
650 0 _aStrength of materials
_xOutlines, syllabi, etc.
_2BUEsh
651 _2BUEsh
740 0 _aTheory and problems of statics and mechanics of materials.
856 4 1 _3Table of contents
_uhttp://www.loc.gov/catdir/toc/mh031/91013201.html
856 4 2 _3Publisher description
_uhttp://www.loc.gov/catdir/description/mh022/91013201.html
942 _2ddc
_cBB
999 _c10371
_d10371